Control Systems (Record no. 215354)

MARC details
000 -LEADER
fixed length control field 00441nam a2200169Ia 4500
008 - FIXED-LENGTH DATA ELEMENTS--GENERAL INFORMATION
fixed length control field 230714s9999 xx 000 0 und d
020 ## - INTERNATIONAL STANDARD BOOK NUMBER
International Standard Book Number 9790000000000
041 ## - LANGUAGE CODE
Language code of text/sound track or separate title eng
082 ## - DEWEY DECIMAL CLASSIFICATION NUMBER
Classification number 629.8
Item number JAG
100 ## - MAIN ENTRY--PERSONAL NAME
Personal name Jagan N.C.
9 (RLIN) 155084
245 ## - TITLE STATEMENT
Title Control Systems
250 ## - EDITION STATEMENT
Edition statement 2nd ed.
260 ## - PUBLICATION, DISTRIBUTION, ETC. (IMPRINT)
Name of publisher, distributor, etc. BS Publications
365 ## - TRADE PRICE
Currency code Rs.
Price amount 225.00
700 ## - ADDED ENTRY--PERSONAL NAME
Personal name Jagan N.C.
9 (RLIN) 155084
906 ## - LOCAL DATA ELEMENT F, LDF (RLIN)
d O:0452420-Jul-2015B:IN 52408-Jul-2015
c INST
b 281.25

No items available.